හිම කබාය ඇතුළු තෝරාගත් විශිෂ්ට කෙටිකතා (Record no. 12562)
[ view plain ]
| 000 -LEADER | |
|---|---|
| fixed length control field | 00685nam a2200181Ia 4500 |
| 008 - FIXED-LENGTH DATA ELEMENTS--GENERAL INFORMATION | |
| fixed length control field | 180921t2020 xxu||||| |||| 00| 0 sin d |
| 041 ## - LANGUAGE CODE | |
| Language code of text/sound track or separate title | Sinhala; Sinhalese |
| 080 ## - UNIVERSAL DECIMAL CLASSIFICATION NUMBER | |
| Universal Decimal Classification number | 8-31 |
| Item number | ගොගොල් |
| 942 ## - ADDED ENTRY ELEMENTS (KOHA) | |
| Koha item type | Books |
| 003 - CONTROL NUMBER IDENTIFIER | |
| control field | LK-CoDNM |
| 040 ## - CATALOGING SOURCE | |
| Original cataloging agency | LK-CoDNM |
| Modifying agency | LK-CoDNM |
| Description conventions | LK-CoDNM |
| 100 ## - MAIN ENTRY--PERSONAL NAME | |
| Personal name | ගොගොල්, නිකොලායි |
| 700 ## - ADDED ENTRY--PERSONAL NAME | |
| Personal name | දැදිගම වී. රුද්රිගු |
| Relator term | පරිවර්තක |
| 700 ## - ADDED ENTRY--PERSONAL NAME | |
| Personal name | පද්මහර්ෂ කුරණගේ |
| Relator term | පරිවර්තක |
| 245 ## - TITLE STATEMENT | |
| Title | හිම කබාය ඇතුළු තෝරාගත් විශිෂ්ට කෙටිකතා |
| 260 ## - PUBLICATION, DISTRIBUTION, ETC. (IMPRINT) | |
| Name of publisher, distributor, etc. | ගොඩගේ |
| Place of publication, distribution, etc. | කොළඹ |
| Date of publication, distribution, etc. | 2020 |
| 300 ## - PHYSICAL DESCRIPTION | |
| Extent | සෙ.මි.21, පි.208 |
| Withdrawn status | Lost status | Damaged status | Not for loan | Collection code | Permanent Location | Current Location | Date acquired | Full call number | Barcode | Koha item type |
|---|---|---|---|---|---|---|---|---|---|---|
| Translation | Library National Museum Colombo - Sri Lanka | Library National Museum Colombo - Sri Lanka | 2022-02-14 | 8-31 ගොගොල් | 172320 | Books |


